| 000 | 00415nam a2200169Ia 4500 | ||
|---|---|---|---|
| 005 | 20250423095731.0 | ||
| 008 | 250422s9999 xx 000 0 und d | ||
| 020 | _a0-07-052143-3 | ||
| 050 | _aQC 21.2 .B814/ | ||
| 100 | _aBuckman, William G. | ||
| 245 | 0 | _aInstructor`s manual to accompany college physics | |
| 260 | _aNew York | ||
| 260 | _bVan Nostrand | ||
| 260 | _c1981 | ||
| 300 | _a221 p | ||
| 942 | _cBK | ||
| 999 |
_c31167 _d31167 |
||